[Event "DVM U20 2007"]
[Site "Kelheim GER"]
[Date "2007.12.27"]
[Round "2"]
[White "Huschenbeth, Niclas"]
[Black "Aulich, Marcell"]
[Result "1-0"]
[Termination "normal"]
[Board "1.1"]
[WhiteElo "2318"]
[BlackElo "1996"]
[WhiteTeam "Hamburger SK"]
[BlackTeam "SF Brackel"]
[PlyCount "85"]
[WhiteFideId "24604747"]
[BlackFideId "24631981"]
[EventCountry "GER"]
[EventRounds "7"]
[EventType "team-swiss"]
[EventDate "2007.12.26"]

1. e4 c5 2. Nf3 Nc6 3. d4 cxd4 4. Nxd4 Nf6 5. Nc3 e5 6. Ndb5 d6 7. Bg5 a6 8.
Na3 b5 9. Nd5 Be7 10. Bxf6 Bxf6 11. c3 O-O 12. Nc2 Bg5 13. a4 bxa4 14. Rxa4 a5
15. Bc4 Rb8 16. b3 Kh8 17. Nce3 g6 18. h4 Bxh4 19. g3 Bg5 20. Ra2 Bxe3 21. Nxe3
Be6 22. Rd2 Qe7 23. Rxd6 Nd4 24. Rd5 Nc6 25. Rd3 Bxc4 26. Nxc4 Qb7 27. Qd2 Nb4
28. Re3 Rfd8 29. Qe2 Nc6 30. Nd2 Qd7 31. g4 a4 32. Reh3 h5 33. Qe3 Qxg4 34. Rh4
Qg2 35. R4h2 Qg4 36. Rh4 Qg2 37. Rxh5+ Kg7 38. Rh7+ Kf6 39. R1h3 Qg1+ 40. Ke2
Rb7 41. Rg3 Qc1 42. Qg5+ Ke6 43. Qxg6+ 1-0

[Event "DVM U20 2007"]
[Site "Kelheim GER"]
[Date "2007.12.27"]
[Round "2"]
[White "Zemella, Christian"]
[Black "Bracker, Frank"]
[Result "1/2-1/2"]
[Termination "normal"]
[Board "1.2"]
[WhiteElo "2092"]
[BlackElo "2214"]
[WhiteTeam "SF Brackel"]
[BlackTeam "Hamburger SK"]
[PlyCount "72"]
[WhiteFideId "24620580"]
[BlackFideId "24614343"]
[EventCountry "GER"]
[EventRounds "7"]
[EventType "team-swiss"]
[EventDate "2007.12.26"]

1. e4 c5 2. Nf3 d6 3. d4 cxd4 4. Nxd4 Nf6 5. Nc3 a6 6. Rg1 e5 7. Nb3 Be6 8. g4
d5 9. exd5 Nxd5 10. Nxd5 Qxd5 11. Be3 Nc6 12. Qxd5 Bxd5 13. O-O-O O-O-O 14. Bb6
Rd7 15. g5 Be6 16. Bg2 Rxd1+ 17. Rxd1 Be7 18. Nc5 Bxc5 19. Bxc5 Rd8 20. Rxd8+
Kxd8 21. Bf8 g6 22. Bg7 Kd7 23. Bxc6+ Kxc6 24. Bxe5 Kd5 25. Bg3 Ke4 26. Kd2 Kf5
27. h4 f6 28. gxf6 Kxf6 29. Kc3 Ke7 30. Kd4 Kd7 31. c4 Kc6 32. a4 h5 33. b4 b5
34. cxb5+ axb5 35. a5 Kb7 36. Kc5 Bd7 1/2-1/2

[Event "DVM U20 2007"]
[Site "Kelheim GER"]
[Date "2007.12.27"]
[Round "2"]
[White "Möller, Hendrik"]
[Black "Strathoff, Martin"]
[Result "1-0"]
[Termination "normal"]
[Board "1.3"]
[WhiteElo "2180"]
[BlackElo "2026"]
[WhiteTeam "Hamburger SK"]
[BlackTeam "SF Brackel"]
[PlyCount "99"]
[WhiteFideId "24604917"]
[BlackFideId "24609560"]
[EventCountry "GER"]
[EventRounds "7"]
[EventType "team-swiss"]
[EventDate "2007.12.26"]

1. e4 c5 2. Nf3 d6 3. d4 cxd4 4. Nxd4 Nf6 5. Nc3 a6 6. Bg5 e6 7. f4 Be7 8. Qf3
Qc7 9. O-O-O Nc6 10. g4 Nxd4 11. Rxd4 b5 12. Rd1 Bb7 13. Bd3 O-O-O 14. Rhg1 b4
15. Ne2 d5 16. e5 Ng8 17. Bxe7 Nxe7 18. Kb1 Kb8 19. Nd4 Nc6 20. Qe3 Nxd4 21.
Qxd4 a5 22. c3 bxc3 23. Rc1 Rc8 24. Rxc3 Qe7 25. Rgc1 Rxc3 26. Rxc3 Rc8 27.
Rxc8+ Kxc8 28. Qc3+ Kb8 29. Qxa5 Qh4 30. a4 Qxg4 31. Qd2 Qg1+ 32. Kc2 Qc5+ 33.
Kb3 Qd4 34. a5 Ka7 35. Qc3 Qe3 36. Kb4 Qxf4+ 37. Kc5 Qh4 38. Qd4 Qxd4+ 39. Kxd4
h5 40. b4 f5 41. h4 g6 42. b5 Ba8 43. b6+ Kb7 44. Kc5 f4 45. a6+ Kb8 46. a7+
Kb7 47. Bb5 f3 48. Bc6+ Kc8 49. Bxa8 f2 50. Bc6 1-0

[Event "DVM U20 2007"]
[Site "Kelheim GER"]
[Date "2007.12.27"]
[Round "2"]
[White "Luft, Dennis"]
[Black "Bracker, Arne"]
[Result "0-1"]
[Termination "normal"]
[Board "1.4"]
[WhiteElo "1943"]
[BlackElo "2136"]
[WhiteTeam "SF Brackel"]
[BlackTeam "Hamburger SK"]
[PlyCount "120"]
[WhiteFideId "24623717"]
[BlackFideId "24618160"]
[EventCountry "GER"]
[EventRounds "7"]
[EventType "team-swiss"]
[EventDate "2007.12.26"]

1. e4 c5 2. Nf3 e6 3. c3 Nf6 4. e5 Nd5 5. d4 cxd4 6. cxd4 Nc6 7. Bc4 d6 8. O-O
Be7 9. Qe2 Nb6 10. Bd3 Nb4 11. Bb5+ Bd7 12. Nc3 a6 13. Bxd7+ Qxd7 14. a3 N4d5
15. exd6 Bxd6 16. Ne4 O-O 17. Ne5 Qc7 18. Nxd6 Qxd6 19. Nd3 Rac8 20. Nc5 Rc7
21. b4 Nf6 22. Qe5 Qxe5 23. dxe5 Nfd7 24. Nxd7 Rxd7 25. Bf4 Nd5 26. Bg3 Rc8 27.
Rfc1 Rdc7 28. Rxc7 Rxc7 29. Kf1 Kf8 30. Ke2 Ke7 31. Kd2 Kd7 32. Rc1 Rxc1 33.
Kxc1 Kc6 34. Kc2 Nb6 35. Kb3 g5 36. h4 h6 37. hxg5 hxg5 38. f3 Kd5 39. b5 axb5
40. Kb4 Kc6 41. Be1 Nd7 42. Bc3 Nc5 43. Bd2 g4 44. f4 Na6+ 45. Ka5 Nc7 46. g3
Nd5 47. Bb4 Ne3 48. Be1 Nc2 49. Bb4 Nd4 50. Be1 Nf5 51. Bf2 Ne7 52. Be1 Nd5 53.
Bb4 Ne3 54. Be1 Nf1 55. Bf2 Nd2 56. Bg1 Ne4 57. Bh2 Kc5 58. Bg1+ Kc4 59. Bh2
Nd2 60. Bg1 Nb1 0-1

[Event "DVM U20 2007"]
[Site "Kelheim GER"]
[Date "2007.12.27"]
[Round "2"]
[White "Schneider, David"]
[Black "Werthebach, Felix"]
[Result "1/2-1/2"]
[Termination "normal"]
[Board "2.1"]
[WhiteElo "2255"]
[BlackElo "2164"]
[WhiteTeam "FSV Großenseebach"]
[BlackTeam "SG Bochum"]
[PlyCount "100"]
[WhiteFideId "4697111"]
[BlackFideId "24609684"]
[EventCountry "GER"]
[EventRounds "7"]
[EventType "team-swiss"]
[EventDate "2007.12.26"]

1. e4 c5 2. Nf3 e6 3. b3 b6 4. d4 cxd4 5. Nxd4 Bc5 6. Be3 Qf6 7. c3 Nc6 8. Nb5
Bxe3 9. Nd6+ Ke7 10. fxe3 Qe5 11. Nc4 Qc7 12. Qg4 Nf6 13. Qxg7 Ba6 14. Qh6 Bxc4
15. Bxc4 Rag8 16. Qf4 Qxf4 17. exf4 Rxg2 18. Nd2 Rhg8 19. O-O-O Ng4 20. Rdg1
Nf2 21. Rxg2 Rxg2 22. Rf1 Rxh2 23. Nf3 Rg2 24. Ne1 Rh2 25. Nf3 Rh1 26. Rxh1
Nxh1 27. Kd2 Nf2 28. Ke3 Nd1+ 29. Kd2 Nf2 30. Ke3 Ng4+ 31. Ke2 Nf6 32. Bd3 h6
33. Nd2 e5 34. Bb5 Nh5 35. fxe5 Nxe5 36. Nf3 Nxf3 37. Kxf3 Nf6 38. Kf4 d5 39.
e5 Nd7 40. Kf5 Nc5 41. Bc6 Nd3 42. Bxd5 Nc1 43. b4 Ne2 44. c4 Nc3 45. a3 Nb1
46. a4 Nc3 47. a5 bxa5 48. bxa5 Na4 49. e6 fxe6+ 50. Bxe6 Kd6 1/2-1/2

[Event "DVM U20 2007"]
[Site "Kelheim GER"]
[Date "2007.12.27"]
[Round "2"]
[White "Pilat, Daniel"]
[Black "Kirch, Daniel"]
[Result "1-0"]
[Termination "normal"]
[Board "2.2"]
[WhiteElo "2120"]
[BlackElo "2030"]
[WhiteTeam "SG Bochum"]
[BlackTeam "FSV Großenseebach"]
[PlyCount "39"]
[WhiteFideId "24602116"]
[BlackFideId "24605786"]
[EventCountry "GER"]
[EventRounds "7"]
[EventType "team-swiss"]
[EventDate "2007.12.26"]

1. e4 e5 2. Nf3 Nc6 3. d4 exd4 4. Bc4 Nf6 5. e5 d5 6. Bb5 Ne4 7. Nxd4 Bd7 8.
Bxc6 bxc6 9. O-O Bc5 10. f3 Ng5 11. f4 Ne4 12. Nc3 Nxc3 13. bxc3 O-O 14. Kh1 f6
15. Nb3 Be7 16. Be3 fxe5 17. fxe5 Bf5 18. Nd4 Qd7 19. Rxf5 Rxf5 20. e6 1-0

[Event "DVM U20 2007"]
[Site "Kelheim GER"]
[Date "2007.12.27"]
[Round "2"]
[White "Süß, Stefan"]
[Black "Mazarov, Jürgen"]
[Result "1/2-1/2"]
[Termination "normal"]
[Board "2.3"]
[WhiteElo "2004"]
[BlackElo "2094"]
[WhiteTeam "FSV Großenseebach"]
[BlackTeam "SG Bochum"]
[PlyCount "88"]
[WhiteFideId "24606090"]
[BlackFideId "24617768"]
[EventCountry "GER"]
[EventRounds "7"]
[EventType "team-swiss"]
[EventDate "2007.12.26"]

1. d4 d5 2. Nf3 Nf6 3. Bf4 e6 4. Nbd2 Bd6 5. Bxd6 Qxd6 6. e3 Nbd7 7. c4 O-O 8.
Bd3 e5 9. dxe5 Nxe5 10. Nxe5 Qxe5 11. Qc2 dxc4 12. Nxc4 Qe7 13. O-O-O c5 14.
Bf5 Bxf5 15. Qxf5 b5 16. Nd6 Rab8 17. e4 c4 18. e5 Nd7 19. f4 Nc5 20. Kb1 a5
21. Rd5 Nd3 22. Rf1 a4 23. Qg4 Rfd8 24. Nf5 Qf8 25. Rd6 Rxd6 26. exd6 Kh8 27.
Qg5 f6 28. Qg4 Rd8 29. Rf3 g6 30. Ne7 Qf7 31. Rh3 Nf2 32. Qxg6 Qxg6+ 33. Nxg6+
Kg7 34. Rf3 Kxg6 35. Rxf2 Rxd6 36. Kc2 b4 37. Re2 Kf5 38. Re7 h5 39. Rh7 Kxf4
40. Rxh5 Ke3 41. Rh3+ Ke2 42. Rh4 Rd2+ 43. Kc1 Rd1+ 44. Kc2 Rd2+ 1/2-1/2

[Event "DVM U20 2007"]
[Site "Kelheim GER"]
[Date "2007.12.27"]
[Round "2"]
[White "Hobusch, Alexander"]
[Black "Borel, Markus"]
[Result "1-0"]
[Termination "normal"]
[Board "2.4"]
[WhiteElo "2011"]
[BlackElo "1967"]
[WhiteTeam "SG Bochum"]
[BlackTeam "FSV Großenseebach"]
[PlyCount "95"]
[WhiteFideId "24611387"]
[BlackFideId "24605522"]
[EventCountry "GER"]
[EventRounds "7"]
[EventType "team-swiss"]
[EventDate "2007.12.26"]

1. d4 g6 2. c4 Bg7 3. Nc3 d6 4. e4 e5 5. Nf3 exd4 6. Nxd4 Nc6 7. Nc2 Nge7 8.
Be2 O-O 9. O-O f5 10. f3 f4 11. Rb1 g5 12. Nd5 a5 13. b3 Ng6 14. g3 h5 15. gxf4
gxf4 16. Kh1 Nce5 17. Rg1 Bh3 18. Bd2 Kh8 19. Ne1 c6 20. Nc3 Nh4 21. Bf1 Qd7
22. Rg5 Rf6 23. Rxh5+ Rh6 24. Rxh6+ Bxh6 25. Qe2 Rg8 26. Qf2 Bxf1 27. Qxf1 Qc7
28. Ne2 Qf7 29. Qh3 Qf6 30. Bc3 Rg7 31. Rd1 Rh7 32. c5 Bf8 33. Qc8 dxc5 34. Rd8
Nhg6 35. Bxe5 Qxe5 36. Rxf8+ Kg7 37. Rd8 Qa1 38. Rd7+ Kh6 39. Rxh7+ Kxh7 40.
Qh3+ Kg7 41. Qf1 Qxa2 42. Nc1 a4 43. bxa4 Qxa4 44. Ncd3 Qd4 45. Qg1 Qc3 46.
Qxc5 Qd2 47. Qg1 Qa5 48. Nxf4 1-0

[Event "DVM U20 2007"]
[Site "Kelheim GER"]
[Date "2007.12.27"]
[Round "2"]
[White "Hofmann, Benjamin"]
[Black "Zeldin, Leonid"]
[Result "0-1"]
[Termination "normal"]
[Board "2.5"]
[WhiteElo "2012"]
[BlackElo "2044"]
[WhiteTeam "FSV Großenseebach"]
[BlackTeam "SG Bochum"]
[PlyCount "84"]
[WhiteFideId "24605743"]
[BlackFideId "24636088"]
[EventCountry "GER"]
[EventRounds "7"]
[EventType "team-swiss"]
[EventDate "2007.12.26"]

1. g3 Nf6 2. Bg2 e6 3. d3 d5 4. Nd2 Be7 5. e4 O-O 6. Ngf3 c5 7. O-O Nc6 8. c3
b6 9. exd5 exd5 10. d4 cxd4 11. Nxd4 Nxd4 12. cxd4 Bb7 13. Nf3 Rc8 14. Bf4 Bd6
15. Ne5 Ne4 16. Bh3 Rc7 17. Rc1 Rxc1 18. Qxc1 Qe7 19. f3 Bxe5 20. Bxe5 Ng5 21.
Bg2 Ne6 22. Re1 Rc8 23. Qd2 Qd7 24. Bh3 Rc6 25. Bf4 Qd8 26. Be3 Nf8 27. f4 Bc8
28. f5 g6 29. Rf1 Ba6 30. Rf2 Bc8 31. g4 Nd7 32. Bg2 Nf8 33. Bh6 Rd6 34. Qf4 f6
35. Rc2 Bb7 36. g5 fxg5 37. Bxg5 Qd7 38. Bh3 Qa4 39. b3 Qb4 40. Be7 Qe1+ 41.
Bf1 Qxe7 42. Re2 Qf6 0-1

[Event "DVM U20 2007"]
[Site "Kelheim GER"]
[Date "2007.12.27"]
[Round "2"]
[White "Orhan, Zilan"]
[Black "Kohlmann, Adrian"]
[Result "0-1"]
[Termination "normal"]
[Board "2.6"]
[WhiteElo "1955"]
[BlackElo "1938"]
[WhiteTeam "SG Bochum"]
[BlackTeam "FSV Großenseebach"]
[PlyCount "100"]
[WhiteFideId "24624640"]
[BlackFideId "24636908"]
[EventCountry "GER"]
[EventRounds "7"]
[EventType "team-swiss"]
[EventDate "2007.12.26"]

1. d4 g6 2. e4 Bg7 3. Nc3 d6 4. Be3 Nc6 5. Qd2 e5 6. Nge2 exd4 7. Nxd4 Nxd4 8.
Bxd4 Nf6 9. f3 Qe7 10. O-O-O Be6 11. Kb1 a6 12. Re1 O-O-O 13. g3 Nh5 14. Bg2
Qd7 15. Bxg7 Nxg7 16. Qd4 f5 17. exf5 Nxf5 18. Qa7 c6 19. Bf1 Rhe8 20. Bd3 Qc7
21. Re2 c5 22. Bxf5 gxf5 23. Rhe1 Kd7 24. Na4 Bf7 25. Rxe8 Rxe8 26. Rxe8 Bxe8
27. Qb6 Qc6 28. Qxc6+ Kxc6 29. Nc3 Bh5 30. f4 d5 31. Kc1 d4 32. Nd1 Bxd1 33.
Kxd1 Kd5 34. b3 b5 35. Kd2 Ke4 36. Ke2 c4 37. bxc4 bxc4 38. a3 h5 39. a4 d3+
40. cxd3+ cxd3+ 41. Kd2 a5 42. h3 Kd4 43. Kd1 Ke3 44. Ke1 Kf3 45. g4 hxg4 46.
hxg4 fxg4 47. f5 g3 48. f6 g2 49. f7 g1=Q+ 50. Kd2 Qe3+ 0-1

[Event "DVM U20 2007"]
[Site "Kelheim GER"]
[Date "2007.12.27"]
[Round "2"]
[White "Strache, Michael"]
[Black "Luo, Xinping"]
[Result "1-0"]
[Termination "normal"]
[Board "3.1"]
[WhiteElo "2144"]
[BlackElo "1971"]
[WhiteTeam "SV Sangerhausen"]
[BlackTeam "Heilbronner SV"]
[PlyCount "109"]
[WhiteFideId "4693183"]
[BlackFideId "4648951"]
[EventCountry "GER"]
[EventRounds "7"]
[EventType "team-swiss"]
[EventDate "2007.12.26"]

1. Nf3 Nf6 2. c4 g6 3. Nc3 d5 4. cxd5 Nxd5 5. Qb3 Nb6 6. d4 Be6 7. Qc2 Nc6 8.
e4 Nb4 9. Qd1 Bg4 10. a3 Nc6 11. d5 Bxf3 12. gxf3 Nb8 13. Qd4 f6 14. Bh3 e5 15.
Qd1 Bc5 16. f4 c6 17. Be6 Na6 18. Qg4 Nc7 19. dxc6 bxc6 20. fxe5 Qd4 21. Be3
Qxe5 22. Bb3 Bxe3 23. fxe3 Rd8 24. h4 c5 25. h5 g5 26. Rd1 Rxd1+ 27. Nxd1 c4
28. Bc2 Ke7 29. O-O h6 30. Rf5 Qe6 31. Qg3 Kd8 32. Nc3 Kc8 33. e5 fxe5 34. Rxe5
Qd6 35. Ne4 Qd7 36. Rc5 Nbd5 37. Nd6+ Kb8 38. Rxd5 Nxd5 39. Nf7+ Nc7 40. Nxh8
Qd2 41. Qf2 Qc1+ 42. Kg2 Qxb2 43. Nf7 Nd5 44. Kh3 Nxe3 45. Qg3+ Kc8 46. Qxe3
Qxc2 47. Nxh6 Qb3 48. Ng4 c3 49. h6 Qb2 50. Qc5+ Kb7 51. Ne5 g4+ 52. Kg3 a6 53.
Qc6+ Ka7 54. Qc7+ Ka8 55. h7 1-0

[Event "DVM U20 2007"]
[Site "Kelheim GER"]
[Date "2007.12.27"]
[Round "2"]
[White "Geshnizjani, Ramin Tobias"]
[Black "Hillmann, Michael"]
[Result "0-1"]
[Termination "normal"]
[Board "3.2"]
[WhiteElo "2062"]
[BlackElo "2088"]
[WhiteTeam "Heilbronner SV"]
[BlackTeam "SV Sangerhausen"]
[PlyCount "80"]
[WhiteFideId "24633089"]
[BlackFideId "24609889"]
[EventCountry "GER"]
[EventRounds "7"]
[EventType "team-swiss"]
[EventDate "2007.12.26"]

1. e4 d5 2. exd5 Qxd5 3. Nc3 Qd6 4. Bc4 Nf6 5. Nge2 a6 6. d4 b5 7. Bb3 Bb7 8.
O-O c5 9. dxc5 Qc6 10. f3 e6 11. Be3 Bxc5 12. Bxc5 Qxc5+ 13. Qd4 Nbd7 14. Rfd1
Ke7 15. Kf2 Rac8 16. a4 b4 17. Na2 a5 18. c3 bxc3 19. Naxc3 Ba6 20. Rac1 Qxd4+
21. Nxd4 Nc5 22. Ke3 Nfd7 23. Ncb5 Bxb5 24. axb5 Nxb3 25. Nxb3 Rxc1 26. Rxc1
Rb8 27. Nd4 Rb7 28. b3 e5 29. Nf5+ Ke6 30. Nxg7+ Kd5 31. Ne8 Rb8 32. Nc7+ Kd6
33. Rc6+ Ke7 34. Nd5+ Kd8 35. b6 Nf8 36. Ke4 Kd7 37. Rc7+ Kd6 38. Rxf7 Nd7 39.
Ne3 Ke6 40. Rg7 Nc5# 0-1

[Event "DVM U20 2007"]
[Site "Kelheim GER"]
[Date "2007.12.27"]
[Round "2"]
[White "Lieder, Konrad"]
[Black "Seiler, Sascha"]
[Result "1-0"]
[Termination "normal"]
[Board "3.3"]
[WhiteElo "2123"]
[BlackElo "2035"]
[WhiteTeam "SV Sangerhausen"]
[BlackTeam "Heilbronner SV"]
[PlyCount "46"]
[WhiteFideId "4692721"]
[BlackFideId "24630594"]
[EventCountry "GER"]
[EventRounds "7"]
[EventType "team-swiss"]
[EventDate "2007.12.26"]

1. d4 Nf6 2. g3 g6 3. Bg2 d5 4. c4 dxc4 5. Nc3 Bg7 6. Nf3 O-O 7. O-O Nc6 8. Bf4
Bf5 9. d5 Nb4 10. Ne5 Qc8 11. Qa4 a5 12. a3 Nd7 13. axb4 Nxe5 14. bxa5 Bd7 15.
Qb4 c5 16. dxc6 Nxc6 17. Qxc4 Nxa5 18. Qxc8 Rfxc8 19. Nd5 Bxb2 20. Nxe7+ Kf8
21. Nxc8 Bxa1 22. Rxa1 Rxc8 23. Rxa5 b5 1-0

[Event "DVM U20 2007"]
[Site "Kelheim GER"]
[Date "2007.12.27"]
[Round "2"]
[White "Weissbeck, Simon"]
[Black "Günther, Christian"]
[Result "0-1"]
[Termination "normal"]
[Board "3.4"]
[WhiteElo "1794"]
[BlackElo "2075"]
[WhiteTeam "Heilbronner SV"]
[BlackTeam "SV Sangerhausen"]
[PlyCount "154"]
[WhiteFideId "24646865"]
[BlackFideId "24659380"]
[EventCountry "GER"]
[EventRounds "7"]
[EventType "team-swiss"]
[EventDate "2007.12.26"]

1. e4 c5 2. c3 d5 3. exd5 Qxd5 4. d4 Nc6 5. Nf3 Bg4 6. Be2 e6 7. h3 Bh5 8. O-O
Nf6 9. Be3 cxd4 10. cxd4 Be7 11. Nc3 Qa5 12. Qb3 Qb4 13. Qxb4 Bxb4 14. g4 Bg6
15. Bb5 Bxc3 16. bxc3 Nd7 17. Bf4 O-O 18. Bxc6 bxc6 19. Ne5 Nxe5 20. Bxe5 f6
21. Bg3 Rf7 22. Rfe1 Re8 23. f4 Rb7 24. Re2 Kf7 25. Rae1 Ree7 26. Bf2 Bd3 27.
Rd2 Bc4 28. Rc1 Rb5 29. Rcc2 Reb7 30. Be3 Rb1+ 31. Kh2 a5 32. Rf2 Bd3 33. Rcd2
Be4 34. f5 exf5 35. gxf5 a4 36. c4 a3 37. d5 cxd5 38. cxd5 R1b2 39. d6 Rxd2 40.
Rxd2 Bxf5 41. Kg3 Rb2 42. Rd5 Bd7 43. Rd3 Rxa2 44. Bc5 Re2 45. Bxa3 g5 46. Bb4
f5 47. Kf3 Rh2 48. Kg3 Re2 49. Kf3 Re4 50. Bd2 Kg6 51. Be3 Rc4 52. Bf2 h6 53.
Bb6 f4 54. Kf2 Rc6 55. Bc7 Rc2+ 56. Kg1 Rc1+ 57. Kg2 Rc2+ 58. Kg1 h5 59. Bd8
Rc1+ 60. Kg2 Rc2+ 61. Kg1 Rc1+ 62. Kg2 Rc2+ 63. Kg1 Rc5 64. h4 g4 65. Bg5 Rc1+
66. Kf2 Rc2+ 67. Kf1 Rc1+ 68. Kf2 Rc2+ 69. Kf1 Rc4 70. Kf2 Kf5 71. Ke2 Rc2+ 72.
Kf1 Rc1+ 73. Kg2 Rc2+ 74. Kf1 Rc4 75. Kf2 g3+ 76. Kf3 Bc6+ 77. Ke2 Rc2+ 0-1

[Event "DVM U20 2007"]
[Site "Kelheim GER"]
[Date "2007.12.27"]
[Round "2"]
[White "Richter, Dustin"]
[Black "Schwarz, Felix"]
[Result "1-0"]
[Termination "normal"]
[Board "3.5"]
[WhiteElo "1886"]
[BlackElo "1793"]
[WhiteTeam "SV Sangerhausen"]
[BlackTeam "Heilbronner SV"]
[PlyCount "73"]
[WhiteFideId "4649001"]
[BlackFideId "4639065"]
[EventCountry "GER"]
[EventRounds "7"]
[EventType "team-swiss"]
[EventDate "2007.12.26"]

1. e4 c5 2. Nf3 Nc6 3. d4 cxd4 4. Nxd4 Nf6 5. Nc3 e5 6. Ndb5 d6 7. Bg5 Be7 8.
Bxf6 gxf6 9. Nd5 O-O 10. Nxe7+ Qxe7 11. Qxd6 Qxd6 12. Nxd6 Be6 13. Bc4 Nd4 14.
O-O-O Rfd8 15. Bxe6 Rxd6 16. Bd5 Rad8 17. Rhe1 b6 18. c3 Nb5 19. a4 Nc7 20. Bc4
Kg7 21. Rxd6 Rxd6 22. Rd1 Ne8 23. Rd5 Kg6 24. Be2 Rxd5 25. exd5 Kf5 26. Kc2 Nd6
27. Kd3 Kg5 28. b4 f5 29. c4 Kf6 30. f3 e4+ 31. Kd4 exf3 32. gxf3 f4 33. Bd3
Ke7 34. c5 bxc5+ 35. bxc5 Ne8 36. Bxh7 Ng7 37. Ke5 1-0

[Event "DVM U20 2007"]
[Site "Kelheim GER"]
[Date "2007.12.27"]
[Round "2"]
[White "Huynh, Nhi Lang"]
[Black "Wölfer, Jan"]
[Result "0-1"]
[Termination "normal"]
[Board "3.6"]
[WhiteElo "1547"]
[BlackElo "1803"]
[WhiteTeam "Heilbronner SV"]
[BlackTeam "SV Sangerhausen"]
[PlyCount "34"]
[WhiteFideId "24669180"]
[BlackFideId "24659398"]
[EventCountry "GER"]
[EventRounds "7"]
[EventType "team-swiss"]
[EventDate "2007.12.26"]

1. d4 Nf6 2. c4 e6 3. Nc3 Bb4 4. Qc2 h6 5. e4 O-O 6. f4 d5 7. e5 Ne4 8. Nf3 c5
9. Be3 Qa5 10. Bd2 Nxd2 11. Qxd2 Nc6 12. Be2 dxc4 13. Bxc4 Rd8 14. O-O cxd4 15.
a3 Bxc3 16. bxc3 dxc3 17. Qc2 Qc5+ 0-1

[Event "DVM U20 2007"]
[Site "Kelheim GER"]
[Date "2007.12.27"]
[Round "2"]
[White "Lange, Jan-David"]
[Black "Billing, Christian"]
[Result "0-1"]
[Termination "normal"]
[Board "4.1"]
[WhiteElo "2116"]
[BlackElo "2150"]
[WhiteTeam "SC Tamm"]
[BlackTeam "SC Dillingen"]
[PlyCount "64"]
[WhiteFideId "24614963"]
[BlackFideId "4697294"]
[EventCountry "GER"]
[EventRounds "7"]
[EventType "team-swiss"]
[EventDate "2007.12.26"]

1. e4 d5 2. exd5 Qxd5 3. Nc3 Qa5 4. Bc4 Bf5 5. d4 c6 6. Bd2 Qc7 7. Qe2 Nd7 8.
O-O-O Nb6 9. Bb3 e6 10. d5 Nxd5 11. Nxd5 cxd5 12. Ba4+ Kd8 13. g4 Bg6 14. h4 h5
15. Rh3 Rc8 16. Rc3 Qb6 17. Bf4 Nf6 18. Rxc8+ Kxc8 19. Nf3 Bd6 20. Be3 Qa5 21.
Bb3 hxg4 22. Nd4 a6 23. Bg5 Ne4 24. Rg1 Qb6 25. Be3 Bc5 26. c3 Rxh4 27. f3 gxf3
28. Qxf3 Nf6 29. Bf2 Rh8 30. Bc4 e5 31. b4 exd4 32. bxc5 Qb1+ 0-1

[Event "DVM U20 2007"]
[Site "Kelheim GER"]
[Date "2007.12.27"]
[Round "2"]
[White "Nuber, Korbinian"]
[Black "Döring, Andreas"]
[Result "1-0"]
[Termination "normal"]
[Board "4.2"]
[WhiteElo "2133"]
[BlackElo "1830"]
[WhiteTeam "SC Dillingen"]
[BlackTeam "SC Tamm"]
[PlyCount "113"]
[WhiteFideId "24607231"]
[BlackFideId "24621030"]
[EventCountry "GER"]
[EventRounds "7"]
[EventType "team-swiss"]
[EventDate "2007.12.26"]

1. e4 e6 2. d4 d5 3. Bd3 Nf6 4. e5 Nfd7 5. Nf3 c5 6. c3 Nc6 7. O-O Qb6 8. dxc5
Bxc5 9. Qe2 Be7 10. Nbd2 O-O 11. Re1 f6 12. exf6 Nxf6 13. Nf1 Bd6 14. c4 d4 15.
Bg5 e5 16. Ng3 Bg4 17. Bxf6 gxf6 18. Qe4 f5 19. Qd5+ Kh8 20. Qxd6 e4 21. Nxe4
Bxf3 22. gxf3 fxe4 23. Bxe4 Rad8 24. Qh6 Qc7 25. Kh1 Ne5 26. Bxh7 Qxh7 27.
Qxh7+ Kxh7 28. Rxe5 Rxf3 29. Re2 d3 30. Rd2 Kg6 31. Kg2 Rf4 32. Rad1 Rfd4 33.
f3 Rxc4 34. Kf2 Rh4 35. Ke3 Kf5 36. Rg2 Rhd4 37. Rg7 R4d6 38. Rf7+ Kg6 39. Rxb7
Re8+ 40. Kd2 Re2+ 41. Kc1 Rxh2 42. Rxa7 Rc6+ 43. Kb1 Rcc2 44. Rb7 Rcf2 45. Rb3
Rd2 46. Rc1 Rhf2 47. a4 Rxf3 48. a5 Rf5 49. Rg1+ Kf7 50. Rb7+ Kf6 51. a6 Ra5
52. a7 Ra4 53. Rh1 Kg6 54. Rc1 Kf6 55. Rc6+ Ke5 56. Rb5+ Kd4 57. Rc4+ 1-0

[Event "DVM U20 2007"]
[Site "Kelheim GER"]
[Date "2007.12.27"]
[Round "2"]
[White "Schäfer, Alexander"]
[Black "Nuber, Blasius"]
[Result "0-1"]
[Termination "normal"]
[Board "4.3"]
[WhiteElo "1975"]
[BlackElo "2055"]
[WhiteTeam "SC Tamm"]
[BlackTeam "SC Dillingen"]
[PlyCount "66"]
[WhiteFideId "24615196"]
[BlackFideId "24620289"]
[EventCountry "GER"]
[EventRounds "7"]
[EventType "team-swiss"]
[EventDate "2007.12.26"]

1. e4 e5 2. Nf3 Nf6 3. Nxe5 d6 4. Nd3 Nxe4 5. Nc3 Nxc3 6. dxc3 Nc6 7. Be3 Be7
8. Qd2 Bg4 9. h3 Bf5 10. O-O-O Qd7 11. g4 Be6 12. Bg2 O-O-O 13. Kb1 Na5 14. Qe2
Nc4 15. Bc1 Qb5 16. Rhe1 Bf6 17. Nb4 Bxc3 18. bxc3 a5 19. Bd5 Bxd5 20. Rxd5 c5
21. a4 Na3+ 22. Bxa3 Qxa4 23. Bb2 axb4 24. Qc4 b5 25. Rxc5+ dxc5 26. Qxc5+ Kb8
27. Qb6+ Ka8 28. Qc6+ Kb8 29. Re7 Rd1+ 30. Bc1 Rxc1+ 31. Kxc1 Qa1+ 32. Kd2 Rd8+
33. Rd7 Qxc3+ 0-1

[Event "DVM U20 2007"]
[Site "Kelheim GER"]
[Date "2007.12.27"]
[Round "2"]
[White "Nuber, Helene"]
[Black "Andraschko, Felix"]
[Result "1/2-1/2"]
[Termination "normal"]
[Board "4.4"]
[WhiteElo "2072"]
[BlackElo "2013"]
[WhiteTeam "SC Dillingen"]
[BlackTeam "SC Tamm"]
[PlyCount "62"]
[WhiteFideId "24613045"]
[BlackFideId "24628174"]
[EventCountry "GER"]
[EventRounds "7"]
[EventType "team-swiss"]
[EventDate "2007.12.26"]

1. e4 e6 2. d4 d5 3. e5 c5 4. c3 Nc6 5. Nf3 Qb6 6. a3 c4 7. Nbd2 Na5 8. g3 Bd7
9. Bh3 Ne7 10. O-O O-O-O 11. Ng5 Be8 12. Qf3 Nf5 13. Bxf5 h6 14. Nxe6 fxe6 15.
Bc2 Nb3 16. Nxb3 cxb3 17. Bd3 Bb5 18. Bxb5 Qxb5 19. Rd1 Be7 20. Qd3 Qxd3 21.
Rxd3 Rhf8 22. f4 h5 23. Kg2 Kc7 24. Be3 Kc6 25. Rc1 Kb5 26. Kf3 Kc4 27. Ke2 a5
28. Rf1 g6 29. Rdd1 Rf7 30. Rf2 b5 31. Rc1 Rdf8 1/2-1/2

[Event "DVM U20 2007"]
[Site "Kelheim GER"]
[Date "2007.12.27"]
[Round "2"]
[White "Stegmaier, Michael"]
[Black "Darr, Thomas"]
[Result "1/2-1/2"]
[Termination "normal"]
[Board "4.5"]
[WhiteElo "1799"]
[BlackElo "1941"]
[WhiteTeam "SC Tamm"]
[BlackTeam "SC Dillingen"]
[PlyCount "61"]
[WhiteFideId "24630659"]
[BlackFideId "24647403"]
[EventCountry "GER"]
[EventRounds "7"]
[EventType "team-swiss"]
[EventDate "2007.12.26"]

1. Nf3 Nf6 2. c4 g6 3. Nc3 Bg7 4. g3 d6 5. d4 O-O 6. Bg2 Nc6 7. O-O e5 8. dxe5
dxe5 9. Bg5 Be6 10. Nd5 Bxd5 11. Bxf6 Qxf6 12. cxd5 Rad8 13. Rc1 Bh6 14. Nd2
Nb4 15. Rxc7 Nxd5 16. Rxb7 Nc3 17. bxc3 Rxd2 18. Qb3 Rxe2 19. Rb8 Rxb8 20.
Qxb8+ Kg7 21. Qxa7 Qe6 22. a4 e4 23. Qd4+ Kg8 24. Qd8+ Bf8 25. a5 e3 26. Qd4
Qa2 27. Qf4 exf2+ 28. Kh1 Bc5 29. Qb8+ Kg7 30. Qb5 Bd6 31. a6 1/2-1/2